|
|
|
|
| LEADER |
02187nam a22003855i 4500 |
| 001 |
978-1-4842-2238-6 |
| 003 |
DE-He213 |
| 005 |
20160905051459.0 |
| 007 |
cr nn 008mamaa |
| 008 |
160905s2016 xxu| s |||| 0|eng d |
| 020 |
|
|
|a 9781484222386
|9 978-1-4842-2238-6
|
| 024 |
7 |
|
|a 10.1007/978-1-4842-2238-6
|2 doi
|
| 040 |
|
|
|d GrThAP
|
| 100 |
1 |
|
|a Aley, Rob.
|e author.
|
| 245 |
1 |
0 |
|a PHP CLI
|h [electronic resource] :
|b Create Command Line Interface Scripts with PHP /
|c by Rob Aley.
|
| 264 |
|
1 |
|a Berkeley, CA :
|b Apress :
|b Imprint: Apress,
|c 2016.
|
| 300 |
|
|
|a XIII, 62 p. 1 illus. in color.
|b online resource.
|
| 336 |
|
|
|a text
|b txt
|2 rdacontent
|
| 337 |
|
|
|a computer
|b c
|2 rdamedia
|
| 338 |
|
|
|a online resource
|b cr
|2 rdacarrier
|
| 347 |
|
|
|a text file
|b PDF
|2 rda
|
| 520 |
|
|
|a This concise book shows you how to create PHP Command Line Interface (CLI) scripts, including user interaction and scripts to automate and assist your workflow. Learn to quickly create useful and effective Command Line software and scripts using the world's most popular web scripting language, PHP. Enjoy the benefits of writing CLI scripts in PHP: Save money by redeploying existing skills, not learning new ones. Save time and increase productivity by using a high-level language. Make money by providing your clients with a full-stack service. With PHP CLI readers will: Learn about the PHP CLI SAPI Discover how to use it to run PHP scripts off-line Easily deal with user input and console output Work with helper libraries and software Find out the differences between programming for the web and for the CLI.
|
| 650 |
|
0 |
|a Computer science.
|
| 650 |
|
0 |
|a Computer programming.
|
| 650 |
|
0 |
|a Programming languages (Electronic computers).
|
| 650 |
1 |
4 |
|a Computer Science.
|
| 650 |
2 |
4 |
|a Web Development.
|
| 650 |
2 |
4 |
|a Programming Techniques.
|
| 650 |
2 |
4 |
|a Programming Languages, Compilers, Interpreters.
|
| 710 |
2 |
|
|a SpringerLink (Online service)
|
| 773 |
0 |
|
|t Springer eBooks
|
| 776 |
0 |
8 |
|i Printed edition:
|z 9781484222379
|
| 856 |
4 |
0 |
|u http://dx.doi.org/10.1007/978-1-4842-2238-6
|z Full Text via HEAL-Link
|
| 912 |
|
|
|a ZDB-2-CWD
|
| 950 |
|
|
|a Professional and Applied Computing (Springer-12059)
|